000 00700nam a22001817a 4500
008 160707b xxu||||| |||| 00| 0 eng d
020 _a9715503462
082 _22000
_aDFil 307.72
_bEd1
100 _910952
_aEder, James F.
245 _aA generation later:
_bhousehold strategies and economic change in the rural Philippines/
_cJames F. Eder
260 _aQuezon City:
_bADDMU Press,
_cc2000.
300 _avii, 191 pages:
_c23.5 cm.
500 _aIncludes references and index.
650 0 _910956
_aRural development
_xSociological aspects
_zSan Jose, Palawan
650 0 _910958
_aSocial conditions
_zSan Jose, Palawan
650 0 _910959
_aEconomic conditions
_zSan Jose, Palawan
942 _2ddc
_cDFIL
999 _c3284
_d3284